[Event "World Rapid 2019"]
[Site "Moscow RUS"]
[Date "2019.12.26"]
[Round "1.32"]
[White "Can, Emre"]
[Black "Motylev, Alexander"]
[Result "0-1"]
[WhiteTitle "GM"]
[BlackTitle "GM"]
[WhiteElo "2600"]
[BlackElo "2640"]
[WhiteFideId "6302181"]
[BlackFideId "4121830"]
[EventDate "2019.12.26"]
[EventType "rapid"]

1. e4 c5 2. Nf3 Nc6 3. Bb5 g6 4. O-O Bg7 5. Re1 e5 6. Bxc6 dxc6 7. d3 Qe7 8.
Nbd2 Nf6 9. Nc4 Nd7 10. Bd2 O-O 11. Qc1 Rd8 12. Bh6 Bh8 13. a3 Nb6 14. Ne3 Be6
15. b3 Nc8 16. Nc4 Bxc4 17. bxc4 b5 18. cxb5 cxb5 19. a4 b4 20. Bg5 f6 21. Be3
a5 22. c3 Bg7 23. Nd2 Bf8 24. cxb4 cxb4 25. Qc4+ Qf7 26. Kf1 Qxc4 27. dxc4 f5
28. exf5 gxf5 29. g3 Bg7 30. Rac1 Rd3 31. Ke2 Ra3 32. Ra1 e4 33. Rxa3 bxa3 34.
Nb3 Rb8 35. Na1 Rb2+ 36. Kf1 a2 37. c5 Ne7 0-1

[Event "World Rapid 2019"]
[Site "Moscow RUS"]
[Date "2019.12.26"]
[Round "1.33"]
[White "Jobava, Baadur"]
[Black "Gajewski, Grzegorz"]
[Result "1-0"]
[WhiteTitle "GM"]
[BlackTitle "GM"]
[WhiteElo "2604"]
[BlackElo "2626"]
[WhiteFideId "13601520"]
[BlackFideId "1116207"]
[EventDate "2019.12.26"]
[EventType "rapid"]

1. b3 d5 2. Bb2 Bg4 3. f3 Bf5 4. e3 e6 5. Nc3 Nc6 6. Bb5 Ne7 7. Nge2 a6 8. Bxc6+
Nxc6 9. O-O Bd6 10. Kh1 Qh4 11. g3 Qe7 12. d3 O-O-O 13. a3 h5 14. b4 g5 15. b5
Ne5 16. bxa6 bxa6 17. Ng1 g4 18. f4 h4 19. Qe1 hxg3 20. Qxg3 Nf3 21. Nxf3 Rh3
22. Qg2 Rdh8 23. Nxd5 exd5 24. Bxh8 gxf3 25. Qg8+ Kd7 26. Rf2 Bg6 27. Raf1 Qxe3
28. Be5 Bxe5 29. fxe5 Qxe5 30. Qa8 Qd6 31. Re1 f6 32. Qg8 Bf5 1-0

[Event "World Rapid 2019"]
[Site "Moscow RUS"]
[Date "2019.12.26"]
[Round "1.34"]
[White "Tran, Tuan Minh"]
[Black "Inarkiev, Ernesto"]
[Result "1/2-1/2"]
[WhiteTitle "GM"]
[BlackTitle "GM"]
[WhiteElo "2529"]
[BlackElo "2663"]
[WhiteFideId "12401820"]
[BlackFideId "4162722"]
[EventDate "2019.12.26"]
[EventType "rapid"]

1. d4 d5 2. c4 e6 3. Nc3 Bb4 4. cxd5 exd5 5. Bf4 c5 6. dxc5 Nf6 7. e3 Nc6 8. Bd3
Bxc5 9. Nge2 O-O 10. O-O d4 11. Na4 Bd6 12. Bxd6 Qxd6 13. exd4 Rd8 14. Nac3 Nxd4
15. Nxd4 Qxd4 16. Be2 Bg4 17. Qxd4 Rxd4 18. Rfd1 Rad8 19. f3 Be6 20. Kf2 Kf8 21.
Ke3 Rxd1 22. Rxd1 Re8 23. Kf2 Ke7 24. Rd4 Rc8 25. h4 h6 26. Ra4 a6 27. Rb4 Rc7
28. a3 g5 29. hxg5 hxg5 30. Bd3 Nd7 31. Ke3 Ne5 32. Re4 Rc5 33. Kd4 Nxd3 34.
Kxd3 f5 35. Rd4 b5 36. g3 Bc4+ 37. Kd2 a5 38. Nd1 Rc8 39. Ne3 Be6 40. Nd5+ Kf7
41. Nc3 Rh8 42. Nxb5 Rh2+ 43. Kc3 Rh3 44. Rd6 Ke7 45. Ra6 Rxg3 46. Nd4 Bd7 47.
Rxa5 f4 48. Ra7 Kd6 49. Kd3 g4 50. Ke4 gxf3 51. Ra6+ Kc7 52. Nxf3 Bc6+ 53. Rxc6+
Kxc6 54. b3 Rg8 55. Ne5+ Kd6 56. Nc4+ Kc5 57. Kxf4 Re8 58. Ne5 Kd4 59. Nc6+ Kd5
60. Nb4+ Kc5 61. Nc2 Re2 62. Ne3 Kd4 63. Nf5+ Kc3 64. b4 Re6 1/2-1/2

[Event "World Rapid 2019"]
[Site "Moscow RUS"]
[Date "2019.12.26"]
[Round "1.35"]
[White "Gelfand, Boris"]
[Black "Aravindh, Chithambaram VR."]
[Result "0-1"]
[WhiteTitle "GM"]
[BlackTitle "GM"]
[WhiteElo "2684"]
[BlackElo "2605"]
[WhiteFideId "2805677"]
[BlackFideId "5072786"]
[EventDate "2019.12.26"]
[EventType "rapid"]

1. d4 Nf6 2. c4 g6 3. g3 c6 4. Nf3 Bg7 5. Bg2 d5 6. b3 dxc4 7. bxc4 c5 8. Bb2
Qb6 9. Qc1 Ne4 10. Nbd2 Nxd2 11. Qxd2 Nc6 12. e3 Na5 13. Bc3 Nxc4 14. Qe2 Nd6
15. O-O Qb5 16. Qe1 Ne4 17. a4 Qb3 18. Ba5 O-O 19. Ne5 Nd6 20. Qe2 Bf5 21. g4
Be4 22. Bxe4 Nxe4 23. Qf3 Ng5 24. Qg2 cxd4 25. exd4 Nh3+ 26. Kh1 Nf4 27. Qe4 Qd5
28. Qxd5 Nxd5 29. Bd2 Rfc8 30. Rac1 f6 31. Nd3 Kf7 32. Kg2 b6 33. Kf3 Ke6 34. h4
Kd7 35. h5 Rxc1 36. Rxc1 Rc8 37. Rxc8 Kxc8 38. Nb4 Nxb4 39. Bxb4 Kd7 40. d5 e6
41. dxe6+ Kxe6 42. Ke4 f5+ 43. gxf5+ gxf5+ 44. Kd3 Kd5 45. f3 Bd4 46. Bd2 Bc5
47. Bc3 a6 48. Bg7 Bd6 49. Bc3 Be5 50. Be1 Bd4 51. Bb4 Bc5 52. Bc3 Bf2 53. Bg7
Bg1 54. Bc3 Kc5 55. Bd2 b5 56. axb5 Kxb5 57. Kc3 a5 58. Bg5 Bf2 59. Be7 Bc5 60.
Bg5 a4 61. Bc1 Bb6 62. Ba3 Be3 63. Bf8 Bc5 64. Bg7 Ba3 65. Bh6 Bd6 66. Bg7 Kc5
67. Bd4+ Kd5 68. Bf2 Bc5 69. Bg3 Bf8 70. Bf2 Be7 71. Bg3 Bc5 72. Bh4 Bd6 73. Bf2
Bf8 74. Bh4 a3 75. Kb3 Kd4 76. Bg5 Kd3 77. Bc1 Ke2 78. f4 Kd3 0-1

[Event "World Rapid 2019"]
[Site "Moscow RUS"]
[Date "2019.12.26"]
[Round "1.36"]
[White "Tregubov, Pavel V."]
[Black "Zhigalko, Sergei"]
[Result "1/2-1/2"]
[WhiteTitle "GM"]
[BlackTitle "GM"]
[WhiteElo "2588"]
[BlackElo "2571"]
[WhiteFideId "4115341"]
[BlackFideId "13502956"]
[EventDate "2019.12.26"]
[EventType "rapid"]

1. e4 c5 2. Nf3 Nc6 3. c3 Nf6 4. e5 Nd5 5. d4 cxd4 6. cxd4 d6 7. Bc4 Nb6 8. Bb5
d5 9. O-O Bf5 10. Nh4 Bd7 11. Nc3 e6 12. Qg4 h5 13. Qf4 g5 14. Qxg5 Qxg5 15.
Bxg5 Nxd4 16. Bxd7+ Kxd7 17. Rad1 Nc6 18. Bf6 Rg8 19. b3 Be7 20. Bxe7 Kxe7 21.
f4 d4 22. Nb5 Nd5 23. Rd2 Nc3 24. Nxc3 dxc3 25. Rd6 Rac8 26. Rc1 Nb4 27. a3 Nd5
28. f5 Rg4 29. fxe6 fxe6 30. Nf5+ exf5 31. Rxd5 Re4 32. Kf2 Ke6 33. Rd3 c2 34.
Rd2 Rc3 35. Rcxc2 Rxb3 36. Rc7 Kxe5 37. Rdd7 Rb2+ 38. Kf3 Rb3+ 39. Kf2 h4 40.
Rxb7 Rxa3 41. Rxa7 Rxa7 42. Rxa7 Rb4 1/2-1/2

[Event "World Rapid 2019"]
[Site "Moscow RUS"]
[Date "2019.12.26"]
[Round "1.37"]
[White "Alekseenko, Kirill"]
[Black "Zarnicki, Pablo"]
[Result "1-0"]
[WhiteTitle "GM"]
[BlackTitle "GM"]
[WhiteElo "2704"]
[BlackElo "2514"]
[WhiteFideId "4135539"]
[BlackFideId "100137"]
[EventDate "2019.12.26"]
[EventType "rapid"]

1. e4 e5 2. Bc4 Nf6 3. d3 c6 4. Nf3 d5 5. Bb3 Bb4+ 6. Bd2 Bxd2+ 7. Qxd2 O-O 8.
exd5 Nxd5 9. O-O Nd7 10. Nc3 Nf4 11. Rfe1 Qf6 12. Ne4 Qh6 13. Qe3 Kh8 14. Ng3 f6
15. d4 exd4 16. Qxd4 Nb6 17. Re4 Ng6 18. a4 Nd7 19. Nf5 Qh5 20. Nd6 Nde5 21.
Nxe5 fxe5 22. Qc4 h6 23. Rae1 Kh7 24. c3 Bf5 25. Nxf5 Qxf5 26. R4e2 Kh8 27. Bc2
Qf6 28. Qe4 Kh7 29. h4 h5 30. g4 1-0

[Event "World Rapid 2019"]
[Site "Moscow RUS"]
[Date "2019.12.26"]
[Round "1.38"]
[White "Carlsson, Pontus"]
[Black "Guseinov, Gadir"]
[Result "0-1"]
[WhiteTitle "GM"]
[BlackTitle "GM"]
[WhiteElo "2456"]
[BlackElo "2666"]
[WhiteFideId "1705814"]
[BlackFideId "13401378"]
[EventDate "2019.12.26"]
[EventType "rapid"]

1. e4 c5 2. Nf3 g6 3. d4 cxd4 4. Qxd4 Nf6 5. Bb5 a6 6. Qa4 Nxe4 7. Qxe4 axb5 8.
Qe5 f6 9. Qxb5 Qa5+ 10. Nc3 Qxb5 11. Nxb5 Na6 12. O-O d6 13. c4 Kf7 14. b3 Bg7
15. Bb2 Bd7 16. Nc3 Nb4 17. Rfd1 f5 18. Ng5+ Kf8 19. Rd2 h6 20. Nf3 Kf7 21. a4
Bc6 22. Ne1 Rhc8 23. Rad1 Ra6 24. h4 Bf6 25. g3 g5 26. h5 g4 27. Ne2 Bg5 28. Rd4
Rb6 29. a5 Ra6 30. Bc3 Na2 31. Bd2 Bxd2 32. R4xd2 Rxa5 33. Ra1 Rca8 34. Kf1 Nb4
35. Rxa5 Rxa5 36. Nd4 Be4 37. f3 gxf3 38. Ndxf3 Ra3 39. Rb2 Ra1 40. Ke2 e5 41.
Nd2 Rxe1+ 0-1

[Event "World Rapid 2019"]
[Site "Moscow RUS"]
[Date "2019.12.26"]
[Round "1.39"]
[White "Socko, Bartosz"]
[Black "Pigusov, Evgeny"]
[Result "1-0"]
[WhiteTitle "GM"]
[BlackTitle "GM"]
[WhiteElo "2618"]
[BlackElo "2555"]
[WhiteFideId "1107038"]
[BlackFideId "4100514"]
[EventDate "2019.12.26"]
[EventType "rapid"]

1. d4 d5 2. c4 e6 3. Nf3 Nf6 4. g3 Be7 5. Bg2 O-O 6. O-O b6 7. cxd5 exd5 8. Nc3
Bb7 9. Bf4 Na6 10. Ne5 c5 11. dxc5 Nxc5 12. Nb5 Ne6 13. Rc1 Nxf4 14. gxf4 Bc5
15. Nd3 Qe7 16. b4 Bd6 17. Qb3 a5 18. Nxd6 Qxd6 19. Rfd1 axb4 20. Qxb4 Qe6 21.
Rc2 Rfc8 22. Rb2 Nd7 23. Qb3 Ra5 24. Nb4 Qg6 25. Qg3 Nf6 26. Nd3 Qxg3 27. hxg3
Ba6 28. Bf3 Bc4 29. Rxb6 Bxd3 30. Rxd3 Rxa2 31. g4 g6 32. Rxf6 1-0

[Event "World Rapid 2019"]
[Site "Moscow RUS"]
[Date "2019.12.26"]
[Round "1.40"]
[White "Faizrakhmanov, Ramil"]
[Black "Zubov, Alexander"]
[Result "0-1"]
[WhiteTitle "IM"]
[BlackTitle "GM"]
[WhiteElo "2434"]
[BlackElo "2601"]
[WhiteFideId "24103209"]
[BlackFideId "14109409"]
[EventDate "2019.12.26"]
[EventType "rapid"]

1. d4 Nf6 2. c4 e6 3. Nf3 b6 4. g3 c6 5. Nc3 d5 6. Bg2 Nbd7 7. O-O Bb7 8. e4
dxc4 9. a4 a6 10. Qe2 b5 11. Rd1 Be7 12. d5 cxd5 13. exd5 exd5 14. axb5 axb5 15.
Rxa8 Bxa8 16. Nh4 O-O 17. Nf5 Bc5 18. Nxd5 Bxd5 19. Bxd5 Re8 20. Be3 Bxe3 21.
Nxe3 Qb6 22. Qc2 Qc5 23. Qf5 Kf8 24. Qf4 Ne5 25. Be4 Ng6 26. Bxg6 hxg6 27. Qf3
Qe5 28. Rd2 Qe4 29. Qd1 Qb7 30. Rd6 Kg8 31. Qd4 Ra8 32. Nd5 Nxd5 33. Rxd5 Re8
34. h4 Kh7 35. Qc5 Re1+ 36. Kh2 Re2 37. Rh5+ Kg8 38. Re5 Qf3 39. Rxe2 Qxe2 40.
Qxb5 Qxf2+ 41. Kh3 Qf1+ 42. Kh2 Kh7 43. Qe5 Qf2+ 44. Kh1 f6 45. Qc3 Qe2 46. Kg1
Kh6 47. Qd4 Kh5 48. Qf4 Qg4 49. Qc7 Qd4+ 50. Kg2 Kg4 51. Qc8+ f5 52. Qb8 Qe4+
53. Kh2 Qe2+ 54. Kg1 Kh3 0-1

[Event "World Rapid 2019"]
[Site "Moscow RUS"]
[Date "2019.12.26"]
[Round "1.41"]
[White "Ponkratov, Pavel"]
[Black "Christiansen, Johan-Sebastian"]
[Result "1-0"]
[WhiteTitle "GM"]
[BlackTitle "GM"]
[WhiteElo "2632"]
[BlackElo "2597"]
[WhiteFideId "4157800"]
[BlackFideId "1512668"]
[EventDate "2019.12.26"]
[EventType "rapid"]

1. e4 e5 2. Nf3 Nc6 3. d4 exd4 4. Nxd4 Nf6 5. Nxc6 bxc6 6. e5 Qe7 7. Qe2 Nd5 8.
h4 Qe6 9. Nd2 a5 10. h5 Ba6 11. Qe4 Bxf1 12. Kxf1 Nb6 13. Nf3 d5 14. Qd3 c5 15.
Ng5 Qd7 16. h6 O-O-O 17. Qf3 Re8 18. Qh3 gxh6 19. Nxf7 Rg8 20. Nxh6 Rg6 21. Bf4
Ree6 22. Nf5 Qb5+ 23. Kg1 Qxb2 24. Re1 Qxc2 25. Nh4 Kb7 26. Nxg6 Rxg6 27. e6 Be7
28. Qxh7 Qc3 29. Re3 Qf6 30. Qf7 d4 31. Qxf6 Rxf6 32. Re4 d3 33. Bd2 Nd5 34. Rh7
Kc6 35. Rh3 Nb4 36. a3 Kd5 37. Rg4 Nc6 38. Rxd3+ Kxe6 39. Re4+ Kf5 40. f3 Bd6
41. Rd5+ Kg6 42. Kf2 Kf7 43. Rh5 Kg8 44. Be3 c4 45. Rxc4 Bxa3 46. Rg4+ Kf8 47.
Rh8+ Kf7 48. Rh7+ Ke6 49. Rxc7 Ne5 50. Re4 Kd5 51. Bd4 1-0

[Event "World Rapid 2019"]
[Site "Moscow RUS"]
[Date "2019.12.26"]
[Round "1.42"]
[White "Vokhidov, Shamsiddin"]
[Black "Rakhmanov, Aleksandr"]
[Result "1-0"]
[WhiteTitle "IM"]
[BlackTitle "GM"]
[WhiteElo "2526"]
[BlackElo "2645"]
[WhiteFideId "14204223"]
[BlackFideId "4173708"]
[EventDate "2019.12.26"]
[EventType "rapid"]

1. e4 e5 2. Nf3 Nf6 3. Nxe5 d6 4. Nf3 Nxe4 5. Nc3 Nf6 6. d4 g6 7. Bd3 Bg7 8.
Qe2+ Qe7 9. Qxe7+ Kxe7 10. O-O Re8 11. h3 a6 12. Re1+ Kf8 13. Bg5 Rxe1+ 14. Rxe1
Nbd7 15. a4 h6 16. Bc1 b6 17. Ne4 Bb7 18. Nxf6 Nxf6 19. Nd2 Bc6 20. a5 bxa5 21.
Nb3 a4 22. Na5 Bd7 23. Re2 Rb8 24. c3 Nd5 25. Be4 Ne7 26. Bc2 f5 27. Bd3 Bb5 28.
Bxb5 Rxb5 29. Nc4 Nd5 30. Kf1 Kf7 31. Re1 Nb6 32. Na3 Rb3 33. Ke2 Nd5 34. Nc4
Rb8 35. Kd3 g5 36. Na5 Nb6 37. Nc6 Ra8 38. Re7+ Kf6 39. Rxc7 Rc8 40. Rxc8 Nxc8
41. Nb4 a5 42. Nc6 d5 43. Nxa5 Ke6 44. Nb7 Nb6 45. Nc5+ Kd6 46. f4 g4 47. hxg4
fxg4 48. f5 h5 49. Bf4+ Ke7 50. Bc7 Nd7 51. Nxa4 h4 52. Nc5 h3 53. gxh3 gxh3 54.
Nxd7 Kxd7 55. Bh2 Bh6 56. c4 dxc4+ 57. Kxc4 Bg5 58. Kd5 Bd8 59. Ke4 Bf6 60. b4
Kc6 61. d5+ Kb5 62. Kf3 Kxb4 63. Kg4 Kc5 64. d6 Kd5 65. Kxh3 Ke4 66. Kg4 Kd5 1-0

[Event "World Rapid 2019"]
[Site "Moscow RUS"]
[Date "2019.12.26"]
[Round "1.43"]
[White "Mamedov, Rauf"]
[Black "Huzman, Alexander"]
[Result "1/2-1/2"]
[WhiteTitle "GM"]
[BlackTitle "GM"]
[WhiteElo "2659"]
[BlackElo "2567"]
[WhiteFideId "13401653"]
[BlackFideId "2803828"]
[EventDate "2019.12.26"]
[EventType "rapid"]

1. e4 e6 2. d4 d5 3. e5 c5 4. c3 Nc6 5. Nf3 Bd7 6. Be2 Nge7 7. O-O Ng6 8. Be3
Be7 9. a3 O-O 10. Bd3 cxd4 11. cxd4 f6 12. exf6 Bxf6 13. Nc3 Kh8 14. Rc1 Nce7
15. Re1 Bc6 16. Ng5 Bxg5 17. Bxg5 Qd6 18. Bxe7 Nxe7 19. Re5 Rf6 20. g3 Be8 21.
Qg4 Bg6 22. Bxg6 Nxg6 23. Re2 e5 24. Nb5 Qb6 25. Nc7 Rd8 26. dxe5 Nxe5 27. Rxe5
Rxf2 28. Nxd5 Rxd5 29. Rxd5 Rc2+ 1/2-1/2

[Event "World Rapid 2019"]
[Site "Moscow RUS"]
[Date "2019.12.26"]
[Round "1.44"]
[White "Lobanov, Sergei"]
[Black "Laznicka, Viktor"]
[Result "0-1"]
[WhiteTitle "IM"]
[BlackTitle "GM"]
[WhiteElo "2504"]
[BlackElo "2648"]
[WhiteFideId "24183750"]
[BlackFideId "316385"]
[EventDate "2019.12.26"]
[EventType "rapid"]

1. e4 d5 2. exd5 Qxd5 3. Nc3 Qa5 4. d4 Nf6 5. Bc4 Bg4 6. Ne2 e6 7. O-O Bd6 8.
Qe1 O-O 9. Nd5 Qxe1 10. Nxf6+ gxf6 11. Rxe1 Bf5 12. c3 Nd7 13. Ng3 Bg6 14. Bh6
Rfe8 15. h4 Bxg3 16. fxg3 Bh5 17. d5 Ne5 18. Bb5 Re7 19. Bf4 exd5 20. Re3 c6 21.
Bf1 Rae8 22. Rae1 Kg7 23. Bd3 Bg4 24. Bc2 h5 25. Kf1 Re6 26. Kf2 Nc4 27. Rxe6
fxe6 28. b3 Nb6 29. Be3 Nd7 30. a4 a6 31. b4 e5 32. Rb1 Rc8 33. Ke1 Kf7 34. Kd2
Ke6 35. Rf1 Rd8 36. Bd3 Rg8 37. Bc2 Nf8 38. Bd3 Ng6 39. Bxg6 Rxg6 40. b5 cxb5
41. axb5 axb5 42. Bf2 Bf5 43. Ra1 b4 44. cxb4 Rg4 45. b5 Rb4 46. Kc3 Rxb5 47.
Ra2 d4+ 48. Kc4 Rb1 0-1

[Event "World Rapid 2019"]
[Site "Moscow RUS"]
[Date "2019.12.26"]
[Round "1.45"]
[White "Shirov, Alexei"]
[Black "Potapov, Pavel"]
[Result "1-0"]
[WhiteTitle "GM"]
[BlackTitle "GM"]
[WhiteElo "2684"]
[BlackElo "2482"]
[WhiteFideId "2209390"]
[BlackFideId "4169786"]
[EventDate "2019.12.26"]
[EventType "rapid"]

1. e4 c5 2. Nf3 Nc6 3. d4 cxd4 4. Nxd4 e5 5. Nb5 d6 6. N1c3 a6 7. Na3 Be7 8. Be3
Nf6 9. Nc4 Be6 10. Nb6 Rb8 11. Be2 O-O 12. O-O Nd7 13. Ncd5 Bxd5 14. Nxd7 Qxd7
15. Qxd5 Rbc8 16. c3 Qe6 17. Bc4 Qxd5 18. Bxd5 h6 19. g3 Kh7 20. Rad1 g6 21. f4
exf4 22. gxf4 Kg7 23. Kf2 Rce8 24. Rg1 f5 25. exf5 Rxf5 26. Be4 Bh4+ 27. Kf3
Ne5+ 28. Kg2 Ng4 29. Bd4+ Kf7 30. Bxf5 gxf5 31. Rd2 Bf6 32. h3 Bxd4 33. Rxd4 Nf6
34. Kf3 d5 35. Rdd1 b5 36. Rge1 Re4 37. Rxe4 dxe4+ 38. Kf2 Ke6 39. Rd8 Nd5 40.
Re8+ Kf6 41. Kg3 h5 42. h4 a5 43. Rb8 b4 44. Rb5 Ke6 45. c4 Ne3 46. b3 Nc2 47.
Re5+ Kf6 48. Rxa5 Nd4 49. Ra6+ Kf7 50. Kf2 1-0

[Event "World Rapid 2019"]
[Site "Moscow RUS"]
[Date "2019.12.26"]
[Round "1.46"]
[White "Afanasiev, Nikita"]
[Black "Chigaev, Maksim"]
[Result "1/2-1/2"]
[WhiteTitle "IM"]
[BlackTitle "GM"]
[WhiteElo "2517"]
[BlackElo "2631"]
[WhiteFideId "24183555"]
[BlackFideId "4108116"]
[EventDate "2019.12.26"]
[EventType "rapid"]

1. Nf3 Nf6 2. g3 g6 3. Bg2 Bg7 4. O-O O-O 5. d4 d5 6. c4 dxc4 7. Na3 c5 8. Nxc4
Be6 9. Nfe5 cxd4 10. Bxb7 Nbd7 11. Bf4 Nxe5 12. Nxe5 Nd5 13. Bxa8 Qxa8 14. Qxd4
Bh3 15. f3 f6 16. Nd3 e5 17. Qc4 Be6 18. Bd2 Nf4 19. Qe4 Qxe4 20. fxe4 Nxe2+ 21.
Kf2 Nd4 22. Bc3 f5 23. Nc5 Bc4 24. Bxd4 exd4 25. e5 Bxf1 26. Rxf1 Rc8 27. b4
Bxe5 28. Ke2 Bd6 29. Kd3 a5 30. a3 axb4 31. axb4 Rb8 32. Kc4 Kf7 33. Kd5 Be7 34.
Rb1 Rd8+ 35. Kc4 Bxc5 36. bxc5 d3 37. c6 d2 38. Rd1 Ke6 39. Kc5 Rd5+ 40. Kc4 Kd6
41. c7 Rc5+ 42. Kd4 Rxc7 43. Rxd2 Re7 44. Ra2 Re4+ 45. Kd3 Ke6 46. Ra6+ Kf7 47.
Ra7+ Kg8 48. h3 h5 49. Rb7 Kf8 50. Ra7 Re7 51. Ra6 Kf7 52. Ra4 Re1 53. Kd2 Re8
54. Kd3 Kf6 55. Ra6+ Re6 56. Ra4 Re1 57. Kd2 Re4 58. Ra6+ Re6 59. Ra4 g5 60. Kd3
Kg6 61. Rb4 g4 62. hxg4 fxg4 63. Rb5 Rf6 64. Ke4 Kh6 65. Ra5 h4 66. gxh4 g3 67.
Rg5 Rg6 68. Rxg6+ Kxg6 1/2-1/2

[Event "World Rapid 2019"]
[Site "Moscow RUS"]
[Date "2019.12.26"]
[Round "1.47"]
[White "Shimanov, Aleksandr"]
[Black "Glek, Igor"]
[Result "1-0"]
[WhiteTitle "GM"]
[BlackTitle "GM"]
[WhiteElo "2587"]
[BlackElo "2467"]
[WhiteFideId "4198603"]
[BlackFideId "4100484"]
[EventDate "2019.12.26"]
[EventType "rapid"]

1. c4 e5 2. g3 Nc6 3. Bg2 h5 4. Nf3 Nh6 5. Nc3 Nf5 6. h3 h4 7. g4 Nfd4 8. Ng1 g6
9. e3 Ne6 10. Nge2 Bg7 11. d3 O-O 12. b3 a6 13. Bb2 Rb8 14. Qd2 b5 15. Nd5 Ne7
16. f4 d6 17. O-O f5 18. g5 Bb7 19. Rac1 c5 20. Qe1 bxc4 21. dxc4 Bxd5 22. cxd5
e4 23. Bxg7 Nxg7 24. Nc3 Ne8 25. Qxh4 Nc7 26. Rfd1 Nb5 27. Na4 Rf7 28. Bf1 Nc8
29. Qe1 a5 30. Nb2 Na3 31. h4 Rh7 32. Be2 Kf7 33. Na4 Rb4 34. Qg3 Ne7 35. Kg2
Qh8 36. Nxc5 dxc5 37. d6 Qb2 38. Qf2 Nc6 39. Rxc5 Nd8 40. h5 Rxh5 41. Rc7+ Kf8
42. Bxh5 Qxf2+ 43. Kxf2 gxh5 44. Rc8 Ke8 45. g6 Rb7 46. d7+ 1-0

[Event "World Rapid 2019"]
[Site "Moscow RUS"]
[Date "2019.12.26"]
[Round "1.52"]
[White "Iljiushenok, Ilia"]
[Black "Cheparinov, Ivan"]
[Result "0-1"]
[WhiteTitle "GM"]
[BlackTitle "GM"]
[WhiteElo "2521"]
[BlackElo "2687"]
[WhiteFideId "24105074"]
[BlackFideId "2905540"]
[EventDate "2019.12.26"]
[EventType "rapid"]

1. e4 c5 2. Nf3 d6 3. Bb5+ Nd7 4. O-O a6 5. Bxd7+ Bxd7 6. d4 cxd4 7. Qxd4 Rc8 8.
c4 e5 9. Qd3 Qc7 10. b3 b5 11. Na3 Qb7 12. Nd2 Nf6 13. Nc2 Bc6 14. f3 Be7 15.
Nb1 bxc4 16. bxc4 O-O 17. Nc3 Nd7 18. Be3 a5 19. Rab1 Qa6 20. Nb5 Rfd8 21. Rfd1
Nc5 22. Qe2 h6 23. Bxc5 dxc5 24. Ne3 a4 25. Nd5 Bg5 26. Qf2 Rd7 27. Rd3 Kh8 28.
g3 h5 29. Kg2 h4 30. gxh4 Bf4 31. Rbd1 Bxd5 32. Rxd5 Rxd5 33. Rxd5 Rc6 34. Kf1
Qa5 35. Qe1 Qb4 36. Qxb4 cxb4 37. c5 a3 38. Ke2 b3 39. axb3 a2 40. Rd8+ Kh7 41.
Ra8 Rxc5 42. Nd6 Rc2+ 0-1

[Event "World Rapid 2019"]
[Site "Moscow RUS"]
[Date "2019.12.26"]
[Round "1.53"]
[White "Turov, Maxim"]
[Black "Kim, Alexey"]
[Result "1/2-1/2"]
[WhiteTitle "GM"]
[BlackTitle "GM"]
[WhiteElo "2574"]
[BlackElo "2464"]
[WhiteFideId "4120086"]
[BlackFideId "4129776"]
[EventDate "2019.12.26"]
[EventType "rapid"]

1. d4 d5 2. c4 e6 3. Nc3 Nf6 4. cxd5 exd5 5. Bg5 Be7 6. e3 c6 7. Bd3 Nbd7 8. Nf3
Nh5 9. Bxe7 Qxe7 10. O-O O-O 11. Rb1 a5 12. Qc2 g6 13. Na4 Ng7 14. a3 Qd6 15.
Rfc1 b5 16. Nc5 Nb6 17. e4 Bg4 18. Ne5 Be6 19. Nxe6 Nxe6 20. Qxc6 Qxc6 21. Nxc6
Nf4 22. Bxb5 dxe4 23. Rc5 Kg7 24. b3 Rfc8 25. g3 Ne6 26. Re5 Nc7 27. Ne7 Rd8 28.
Bc6 Rab8 29. Rxe4 Nc4 30. bxc4 Rxb1+ 31. Kg2 Ne6 32. Bd5 Rd1 33. Nc6 Rd6 34.
Nxa5 Rxd4 35. Re3 Rd2 36. Nb3 Ra2 37. Nc1 Ra1 38. Ne2 Ra6 39. Bxe6 Rxe6 40. Rxe6
fxe6 41. Nd4 Kf6 42. Nc2 Ra2 43. Ne3 Rxa3 44. Kf3 Ke5 45. h4 h5 46. Kg2 Ke4 47.
Nd1 Rd3 48. Ne3 Rc3 49. Nf1 Kd3 50. Ne3 Ke2 51. g4 hxg4 52. Kg3 Rc1 53. Nxg4
Rxc4 54. Ne5 Rc1 55. Kg2 Rf1 56. Nxg6 Rxf2+ 57. Kg3 Ke3 58. h5 Rf1 59. Kh4 Ke4
60. Kg5 e5 61. h6 Rf5+ 62. Kg4 Rf7 63. Kg5 Kd4 64. Nxe5 Kxe5 65. Kg6 Rf1 66. h7
Rg1+ 67. Kf7 Rh1 68. Kg7 Rxh7+ 69. Kxh7 1/2-1/2

[Event "World Rapid 2019"]
[Site "Moscow RUS"]
[Date "2019.12.26"]
[Round "1.54"]
[White "Baron, Tal"]
[Black "Adly, Ahmed"]
[Result "0-1"]
[WhiteTitle "GM"]
[BlackTitle "GM"]
[WhiteElo "2541"]
[BlackElo "2607"]
[WhiteFideId "2809958"]
[BlackFideId "10601619"]
[EventDate "2019.12.26"]
[EventType "rapid"]

1. e4 c5 2. Nf3 d6 3. d4 Nf6 4. Nc3 cxd4 5. Nxd4 a6 6. h4 e5 7. Nb3 Be7 8. Be2
h5 9. Bg5 Nbd7 10. Qd2 b5 11. a3 Bb7 12. f3 Rc8 13. O-O-O Qc7 14. Kb1 O-O 15. g4
hxg4 16. fxg4 Nxe4 17. Nxe4 Bxe4 18. Bxe7 Bxc2+ 19. Ka1 Bxb3 20. Bxd6 Qb7 21.
Rc1 Rxc1+ 22. Rxc1 Rc8 23. Rf1 Qg2 24. Qe3 Be6 25. Rd1 Rc2 26. Bf3 Qh2 27. Bxe5
Nxe5 28. Rd8+ Kh7 29. Be4+ g6 30. Bxc2 Qxc2 31. h5 Qxb2+ 32. Kxb2 Nc4+ 33. Kc3
Nxe3 34. hxg6+ Kxg6 35. Rg8+ Kf6 36. g5+ Kf5 37. Rg7 a5 38. Rg8 Nc4 39. a4 bxa4
40. Rg7 Nd6 41. Kb2 Nb5 42. Rg8 a3+ 43. Kb1 Nd4 44. Ra8 Nc6 45. Ra6 Bd5 46. Rb6
a2+ 47. Kb2 Ne5 48. Rb5 Ke4 49. Ka1 Nc6 50. Rc5 Nd4 51. Rc7 Bb3 52. Kb2 Nc2 0-1

[Event "World Rapid 2019"]
[Site "Moscow RUS"]
[Date "2019.12.26"]
[Round "1.55"]
[White "Guliyev, Namig"]
[Black "Kazhgaleyev, Murtas"]
[Result "1/2-1/2"]
[WhiteTitle "GM"]
[BlackTitle "GM"]
[WhiteElo "2548"]
[BlackElo "2569"]
[WhiteFideId "13400363"]
[BlackFideId "13700316"]
[EventDate "2019.12.26"]
[EventType "rapid"]

1. e4 e5 2. Nf3 Nc6 3. Bb5 a6 4. Ba4 Nf6 5. O-O Be7 6. d3 d6 7. c3 O-O 8. Nbd2
Re8 9. Re1 Bf8 10. Nf1 h6 11. Ng3 b5 12. Bc2 Ne7 13. a4 Bd7 14. d4 Ng6 15. dxe5
Nxe5 16. Nxe5 Rxe5 17. Bf4 Re8 18. axb5 axb5 19. Rxa8 Qxa8 20. e5 dxe5 21. Bxe5
Qc6 22. Bd4 Rxe1+ 23. Qxe1 g6 24. h3 Bg7 1/2-1/2